Historia de América Latina

Na minha lista:
Detalhes bibliográficos
Autor principal: Bethell, Leslie (Author)
Formato: Livro
Idioma:espanhol
Publicado em: Barcelona Crítica 1990
Colecção:Serie Mayor
Assuntos:
Tags: Adicionar Tag
Sem tags, seja o primeiro a adicionar uma tag!

MARC

LEADER 00000nam a2200000 a 4500
001 UCX2861
003 CL-VaPUC
008 910827e19900000SP |||||||||||||||||spa|d
082 0 4 |a 980  |b BET  |2 21 
100 0 |a Bethell, Leslie  |e author  |9 318959 
245 1 0 |a Historia de América Latina 
300 |a v 
942 |c BK 
945 |d 19910827 00:00:00 
260 |a Barcelona  |b Crítica  |c 1990 
500 |a v.1: América colonial: La América precolombina y la conquista 
500 |a v.2: América Latina Colonial: Europa y América en los siglos XVI, XVII, XVIII 
500 |a v.5: La Independencia 
500 |a v.6: América Latina independiente, 1820-1870 
500 |a v.7: América Latina: Economía y Sociedad, 1870-1930 
500 |a v.8: América Latina: Cultura y Sociedad, 1830-1930 
500 |a v.9: México, América Central y el Caribe, 1870-1930 
500 |a v.10: América del Sur, 1870-1930 
500 |a v.11: Economía y Sociedad desde 1930 
500 |a v.12: Política y Sociedad desde 1930 
500 |a v.13: México y el Caribe desde 1930 
500 |a v.14: América central desde 1930 
500 |a v.15: El Cono Sur desde 1930 
500 |a v.16: Los países andinos desde 1930 
650 0 |a Historia  |9 255047 
651 0 |a América Latina   |9 255027 
583 |a last modification  |c 19910827 00:00:00  |k Rodrigo Vera 
490 0 |a Serie Mayor 
999 |c 223786  |d 223784 
952 |0 0  |1 0  |4 0  |6 980_000000000000000_BET_1990  |7 0  |8 X  |9 219909  |a BIBHIS  |b BIBHIS  |d 2019-11-15  |h v.1  |i 2885859  |l 3  |o 980 BET 1990  |p 2885859  |r 2024-05-20  |s 2024-05-20  |w 2019-11-15  |y BK_X  |k HIS 
952 |0 0  |1 0  |4 0  |6 980_000000000000000_BET_1990  |7 0  |8 X  |9 219910  |a BIBHIS  |b BIBHIS  |d 2019-11-15  |h v.2  |i 2885867  |l 1  |o 980 BET 1990  |p 2885867  |r 2024-01-30  |s 2022-06-07  |w 2019-11-15  |y BK_X  |k HIS 
952 |0 0  |1 0  |4 0  |6 980_000000000000000_BET_1990  |7 0  |8 X  |9 219911  |a BIBHIS  |b BIBHIS  |d 2019-11-15  |h v.3  |i 2885875  |l 1  |o 980 BET 1990  |p 2885875  |r 2024-06-05  |s 2024-06-05  |w 2019-11-15  |y BK_X  |k HIS 
952 |0 0  |1 0  |4 0  |6 980_000000000000000_BET_1990  |7 0  |8 X  |9 219912  |a BIBHIS  |b BIBHIS  |d 2019-11-15  |h v.4  |i 2885883  |l 2  |o 980 BET 1990  |p 2885883  |r 2024-05-07  |s 2024-05-07  |w 2019-11-15  |y BK_X  |k HIS 
952 |0 0  |1 0  |4 0  |6 980_000000000000000_BET_1990  |7 0  |8 X  |9 219913  |a BIBHIS  |b BIBHIS  |d 2019-11-15  |h v.5  |i 2885891  |l 11  |o 980 BET 1990  |p 2885891  |r 2024-09-09  |s 2024-09-09  |w 2019-11-15  |y BK_X  |k HIS 
952 |0 0  |1 0  |4 0  |6 980_000000000000000_BET_1990  |7 0  |8 X  |9 219914  |a BIBHIS  |b BIBHIS  |d 2019-11-15  |h v.6  |i 2885905  |o 980 BET 1990  |p 2885905  |r 2023-01-25  |w 2019-11-15  |y BK_X  |k HIS 
952 |0 0  |1 0  |4 0  |6 980_000000000000000_BET_1990  |7 0  |8 X  |9 219915  |a BIBHIS  |b BIBHIS  |d 2019-11-15  |h v.7  |i 2885913  |l 4  |o 980 BET 1990  |p 2885913  |r 2024-07-03  |s 2024-07-03  |w 2019-11-15  |y BK_X  |k HIS 
952 |0 0  |1 0  |4 0  |6 980_000000000000000_BET_1990  |7 0  |8 X  |9 219916  |a BIBHIS  |b BIBHIS  |d 2019-11-15  |h v.8  |i 2885921  |l 2  |o 980 BET 1990  |p 2885921  |r 2024-05-07  |s 2024-05-07  |w 2019-11-15  |y BK_X  |k HIS 
952 |0 0  |1 0  |4 0  |6 980_000000000000000_BET_1990  |7 0  |8 X  |9 219917  |a BIBHIS  |b BIBHIS  |d 2019-11-15  |h v.9  |i 288593K  |l 6  |o 980 BET 1990  |p 288593K  |r 2024-05-22  |s 2024-05-22  |w 2019-11-15  |y BK_X  |k HIS 
952 |0 0  |1 0  |4 0  |6 980_000000000000000_BET_1990  |7 0  |8 X  |9 219918  |a BIBHIS  |b BIBHIS  |d 2019-11-15  |h v.10  |i 2885948  |l 8  |o 980 BET 1990  |p 2885948  |r 2024-07-03  |s 2024-07-03  |w 2019-11-15  |y BK_X  |k HIS 
952 |0 0  |1 0  |4 0  |6 980_000000000000000_BET_1990  |7 0  |8 X  |9 219919  |a BIBHIS  |b BIBHIS  |d 2019-11-15  |h v.11  |i 3418170  |l 4  |o 980 BET 1990  |p 3418170  |r 2024-07-03  |s 2024-07-03  |w 2019-11-15  |y BK_X  |k HIS 
952 |0 0  |1 0  |4 0  |6 980_000000000000000_BET_1990  |7 0  |8 X  |9 219920  |a BIBHIS  |b BIBHIS  |d 2019-11-15  |h v.12  |i 3418189  |l 3  |o 980 BET 1990  |p 3418189  |r 2024-06-25  |s 2024-06-25  |w 2019-11-15  |y BK_X  |k HIS 
952 |0 0  |1 0  |4 0  |6 980_000000000000000_BET_1990  |7 0  |8 X  |9 219921  |a BIBHIS  |b BIBHIS  |d 2019-11-15  |h v.11  |i 3482081  |l 3  |o 980 BET 1990  |p 3482081  |r 2024-06-24  |s 2024-06-24  |w 2019-11-15  |y BK_X  |k HIS 
952 |0 0  |1 0  |4 0  |6 980_000000000000000_BET_1990  |7 0  |8 X  |9 219922  |a BIBHIS  |b BIBHIS  |d 2019-11-15  |h v.12  |i 348209K  |l 1  |o 980 BET 1990  |p 348209K  |r 2024-06-24  |s 2024-06-24  |w 2019-11-15  |y BK_X  |k HIS 
952 |0 0  |1 0  |4 0  |6 980_000000000000000_BET_1990  |7 0  |8 X  |9 219923  |a BIBHIS  |b BIBHIS  |d 2019-11-15  |h v.12  |i 3641945  |l 2  |o 980 BET 1990  |p 3641945  |r 2024-06-27  |s 2024-06-27  |w 2019-11-15  |y BK_X  |k HIS 
952 |0 0  |1 0  |4 0  |6 980_000000000000000_BET_1990  |7 0  |8 X  |9 219924  |a BIBHIS  |b BIBHIS  |d 2019-11-15  |h v.3  |i 3839869  |l 1  |o 980 BET 1990  |p 3839869  |r 2024-01-30  |s 2022-05-11  |w 2019-11-15  |y BK_X  |k HIS 
952 |0 0  |1 0  |4 0  |6 980_000000000000000_BET_1990  |7 0  |8 X  |9 219925  |a BIBHIS  |b BIBHIS  |d 2019-11-15  |h v.13  |i 3811158  |l 3  |o 980 BET 1990  |p 3811158  |r 2024-06-28  |s 2024-06-28  |w 2019-11-15  |y BK_X  |k HIS 
952 |0 0  |1 0  |4 0  |6 980_000000000000000_BET_1990  |7 0  |8 X  |9 219926  |a BIBHIS  |b BIBHIS  |d 2019-11-15  |h v.13  |i 3911438  |l 1  |o 980 BET 1990  |p 3911438  |r 2024-06-27  |s 2024-06-27  |w 2019-11-15  |y BK_X  |k HIS 
952 |0 0  |1 0  |4 0  |6 980_000000000000000_BET_1990  |7 0  |8 X  |9 219927  |a BIBHIS  |b BIBHIS  |d 2019-11-15  |h v.14  |i 3911446  |l 3  |o 980 BET 1990  |p 3911446  |r 2024-06-28  |s 2024-06-28  |w 2019-11-15  |y BK_X  |k HIS 
952 |0 0  |1 0  |4 0  |6 980_000000000000000_BET_1990  |7 0  |8 X  |9 219928  |a BIBHIS  |b BIBHIS  |d 2019-11-15  |h v.15  |i 3911454  |l 9  |o 980 BET 1990  |p 3911454  |r 2024-07-03  |s 2024-07-03  |w 2019-11-15  |y BK_X  |k HIS 
952 |0 0  |1 0  |4 0  |6 980_000000000000000_BET_1990  |7 0  |8 X  |9 219929  |a BIBHIS  |b BIBHIS  |d 2019-11-15  |h v.16  |i 3911462  |l 4  |o 980 BET 1990  |p 3911462  |r 2024-06-28  |s 2024-06-28  |w 2019-11-15  |y BK_X  |k HIS